Rappers by Meme #3 - Statistics

General Stats
  • This quiz has been taken 350 times
  • The average score is 11 of 16
Answer Stats
Picture Answer % Correct
Notorious B.I.G.
93%
Post Malone
93%
Pitbull
87%
Lil Tecca
84%
50 Cent
83%
Childish Gambino
83%
Lil Uzi Vert
82%
21 Savage
81%
YoungBoy Never Broke Again
65%
Chance the Rapper
61%
Lil Baby
60%
Rick Ross
50%
Nelly
48%
Supa Hot Fire
39%
Meek Mill
26%
Nick Cannon
24%
No matching quizzes found
Score Distribution
Percent of People with Each Score
Percentile by Number Answered
Your Score History
You have not taken this quiz